000 00318nam a22001337a 4500
008 171006b xxu||||| |||| 00| 0 eng d
020 _a9780890420614
041 _aeng
080 _a159.9
100 _a49
101 _aPSI
245 _aDIAGNOSTIC AND STATISTICAL MANUAL OF MENTAL DISORDERS
_cAPA
942 _2udc
_cBK
999 _c32278
_d32278